| 000 | 00529nam a2200145Ia 4500 | ||
|---|---|---|---|
| 008 | 170221s9999 xx 000 0 und d | ||
| 100 | _aMuhammad Yasir | ||
| 245 | _aEthics and Morality: Comparing Ethical Leadership with Servant, Authentic and Transformational Leadership Styles | ||
| 245 | _cMuhammad Yasir, Noor Azmi Mohamad | ||
| 260 | _bInternational Review of Management and Marketing | ||
| 260 | _c2012 | ||
| 300 | _a7 : 2 | ||
| 650 | _xMarketing. | ||
| 856 | _uhttp://www.econjournals.com/index.php/irmm/issue/view/77 | ||
| 999 |
_c313931 _d313931 |
||